000 01076nam a2200289 i 4500
003 EG-GICUC
005 20260121101431.0
008 251205s2009 ua ||||fr|||| 00| 0 ara d
040 _a EG-GICUC
_bara
_c EG-GICUC
_d EG-GICUC
_erda
041 0 _aara343
082 0 4 _221
_a343.3062
_bم إ . م
092 0 4 _221
099 _aLaw1 10 343.3062 م إ . م 2009
100 0 _aمأمون محمد سلامة
_eمؤلف.
245 1 0 _aملحق كتاب الإجراءات الجنائية في التشريع المصرى.
_nالجزء الثانى /
_bالدكتور مأمون محمد سلامة.
264 1 _aالقاهرة :
_b{دون دار نشر }،
_c2009
300 _a116 صفحة ؛
_c24 سم.
336 _2rda content
_atext
337 _2rda media
_aComputer
338 _2rda carrier
_aOnline Resource
546 _aالنص باللغة العربية
650 1 4 _aسلطة التحقيق
650 1 4 _aالقانون الجنائي
856 4 0 _uhttps://fll.law.cu.edu.eg/fulltext/bks/B10-05473.pdf
905 _a77
_eHassnaa
942 _2ddc
_cBK
_e21
_n0
999 _c48446
_d48446